Представление документа в формате MARC21

Поле Инд. ПП Название Значение
Тип записи a
Библиографический уровень m
001 Контрольный номер 07391a32-adff-4e75-8a97-ef4f9ae1d069
005 Дата корректировки 20231219115904.8
008 Кодируемые данные 991002 d
040 a Служба первич. каталог. НБ ТвГУ
041 0_ a Код языка текста rus
080 a Индекс УДК 801(091)
a Индекс УДК 929Матезиус
084 a Индекс другой классификации/Индекс ББК Ш1д(4ЧЕШ)6
a Индекс другой классификации/Индекс ББК Ш102
090 c Каталожный индекс Ш1д(4ЧЕШ)6 + Ш102
x Авторский знак Д18
a Полочн. индекс Ш1д(4ЧЕШ)
100 1_ a Автор Даниленко Валерий Петрович
245 0_ a Заглавие Методологические особенности концепции функциональной грамматики Вилема Матезиуса
c Ответственность Валерий Петрович Даниленко; Иркут. гос. ун-т
260 1_ a Место издания Иркутск
c Дата издания 1997
300 a Объем 158 с.
504 a Библиография Библиогр.: с.145-158.
650 04 a Основная рубрика Матезиус, Вилем, о нем
650 04 a Основная рубрика Языкознание
x Основная подрубрика История
y Хронологическая подрубрика 20 в.
z Географическая подрубрика Чехия
650 04 a Основная рубрика Лингвистические учения
650 04 a Основная рубрика Грамматика функциональная
653 0_ a Ключевые слова Матезиус
a Ключевые слова Языкознание
a Ключевые слова История языкознания
a Ключевые слова Лингвистические учения
a Ключевые слова Лингвистические теории
a Ключевые слова Грамматика
a Ключевые слова Функциональная грамматика
a Ключевые слова Грамматика Матезиуса
a Ключевые слова Персоналии
852 41 i Расстановочный признак Проверка 2023
920 a Оператор Семен
930 a Новая/Ретро персоналии
952 c Вид литературы К рн
954 a Дата поступления на обработку 19990712
e Дата перешифровки 20231219